00734nam a2200193 i 450000100060000000300090000600500170001500700030003200800410003510000280007624502140010426000560031830000290037465100320040370000280043570000250046370000310048885200210051958833ES-MaACL20230906163911.0t|031024s1948 sp |||| | spa d1 aEchevarría, Julián.10aChimberiana b: estampas líricas sobre motivos populares de principio de siglo / cJulián Echevarría, José Luis Albéniz ; música del maestro Francisco Escudero ; prólogo de Joaquín Zuazagoitia. a[Bilbao : bs.n., c1948] (fArt. Gráf. Grijelmo) a90 p. : bil. ; c16 cm. 4aBilbao-xUsos y costumbres.1 aAlbéniz, José Luis.1 aEscudero, Francisco.1 aZuazagoitia, Joaquín de. aES-MaACLjD-7981